000 00880cam a22002771 4500
001 gs 15000093
003 DLC
005 20260227111317.0
008 790919s1914 dcub f001 0 eng
010 _ags 15000093
035 _a(OCoLC)5387567
040 _aDLC
_cICharE
_dDLC
042 _apremarc
043 _an-us-or
050 0 0 _aQE75
_b.B9 no. 590
051 _aTN872.O7
_bW2
_cCopy 2.
100 1 _aWashburne, Chester Wesley,
_d1883-
245 1 0 _aReconnaissance of the geology and oil prospects of northwestern Oregon /
_cby Chester W. Washburne.
260 _aWashington,
_bGovt. Print. Off.,
_c1914.
300 _a111 p. :
_bfold. map. ;
_c24 cm.
490 1 _aU.S. Geological survey. Bulletin 590
500 _aIncludes index.
650 0 _aGeology
_zOregon.
650 0 _aPetroleum
_zOregon.
810 1 _aUnited States.
_bGeological Survey.
_tBulletin ;
_v590.
999 _c25469
_d25469